000 01662namaa22003491i 4500
005 20260329143710.0
008 260329s1993 ua ad||frm||| 00| 0 eng d
040 _aEG-GICUC
_beng
_cEG-GICUC
_dEG-GICUC
_erda
041 0 _aeng
_beng
_bara
049 _aDeposit
097 _aPh.D
099 _aCai01.11.24.Ph.D.1993.Fa.P
100 0 _aBy Fawazy Ahmed Halawa
_epreparation.
245 1 0 _aProcollagen III peptide as a monitor for fibrogenic activity in rheumatic fever in children /
_cBy Fawazy Ahmed Halawa ; Supervised By Prof. Dr. Hussein Kamal Bahaa El-Din, Prof. Dr. Akram Abd El-Salam, Prof. Dr. Mohamed Talaat Abd El-Aziz
246 1 5 _aدراسة ببتيد البروكولاجين رقم 3 كمؤشر لحدوث التليف فى الحمى الروماتيزية عند الأطفال
264 0 _c1993.
300 _a187pages :
_billustrations ;
_c30 cm. +
336 _2rda content
_atext
337 _2rdamedia
_aUnmediated
338 _2rdacarrier
_avolume
502 _aThesis (Ph.D)-Cairo University, 1993.
504 _aBibliography: pages 159-187
653 0 _apediatrics
653 0 _aProcollagen III peptide
653 0 _arheumatic fever
700 0 _aProf. Dr. Hussein Kamal Bahaa El-Din.
_ethesis advisor.
700 0 _aProf. Dr. Akram Abd El-Salam
_ethesis advisor.
700 0 _aProf. Dr. Mohamed Talaat Abd El-Aziz
_ethesis advisor.
900 _DDepartment of pediatrics
_FFaculty of medicine
_UCairo University
_b1993
_cProf. Dr. Hussein Kamal Bahaa El-Din.
_cProf. Dr. Akram Abd El-Salam
_cProf. Dr. Mohamed Talaat Abd El-Aziz
_dProf. Dr. Hussein Kamal Bahaa El-Din.
905 _aNermeen-A
942 _2ddc
_cTH
_e21
_n0
999 _c179084